[Event "Russian Championship (men rapid)"]
[Site "Sochi"]
[Date "2017.10.01"]
[Round "9.19"]
[White "Tsydypov, Zhamsaran"]
[Black "Sorokin, Aleksey"]
[Result "1-0"]
[LiveChessVersion "1.4.8"]
[BlackElo "2448"]
[WhiteElo "2583"]

1. e4 {[%clk 0:15:18]} c5 {[%clk 0:15:19]} 2. Nf3 {[%clk 0:15:26]} d6
{[%clk 0:15:27]} 3. Bb5+ {[%clk 0:15:16]} Nd7 {[%clk 0:15:35]} 4. c4
{[%clk 0:15:09]} a6 {[%clk 0:15:33]} 5. Ba4 {[%clk 0:15:17]} Ngf6
{[%clk 0:15:20]} 6. Nc3 {[%clk 0:15:24]} g6 {[%clk 0:15:22]} 7. O-O
{[%clk 0:15:23]} Bg7 {[%clk 0:15:30]} 8. d4 {[%clk 0:15:32]} cxd4
{[%clk 0:15:18]} 9. Nxd4 {[%clk 0:15:39]} O-O {[%clk 0:15:20]} 10. h3
{[%clk 0:15:16]} Qc7 {[%clk 0:14:22]} 11. Bb3 {[%clk 0:15:20]} e6
{[%clk 0:13:56]} 12. Be3 {[%clk 0:15:10]} b6 {[%clk 0:13:42]} 13. Rc1
{[%clk 0:14:36]} Bb7 {[%clk 0:13:49]} 14. Bc2 {[%clk 0:14:45]} Rac8
{[%clk 0:13:12]} 15. Bb1 {[%clk 0:14:31]} Qb8 {[%clk 0:13:00]} 16. b3
{[%clk 0:14:39]} Qa8 {[%clk 0:12:27]} 17. Nde2 {[%clk 0:14:14]} d5
{[%clk 0:10:49]} 18. exd5 {[%clk 0:14:14]} exd5 {[%clk 0:10:57]} 19. cxd5
{[%clk 0:14:22]} b5 {[%clk 0:10:15]} 20. Bd4 {[%clk 0:14:28]} b4 {[%clk 0:09:50]}
21. Ne4 {[%clk 0:14:29]} Bxd5 {[%clk 0:09:12]} 22. Nxf6+ {[%clk 0:14:30]} Nxf6
{[%clk 0:09:18]} 23. Nf4 {[%clk 0:14:32]} Bb7 {[%clk 0:08:03]} 24. Qd2
{[%clk 0:14:29]} Nd5 {[%clk 0:07:14]} 25. Bxg7 {[%clk 0:14:08]} Kxg7
{[%clk 0:07:13]} 26. Nh5+ {[%clk 0:13:53]} Kh8 {[%clk 0:05:39]} 27. Bxg6
{[%clk 0:14:01]} Rg8 {[%clk 0:03:09]} 28. Bxf7 {[%clk 0:13:50]} Nf6
{[%clk 0:01:40]} 29. Rxc8 {[%clk 0:13:18]} Qxc8 {[%clk 0:01:41]} 30. Bxg8
{[%clk 0:13:26]} 1-0

[Event "Russian Championship (men rapid)"]
[Site "Sochi"]
[Date "2017.10.01"]
[Round "9.24"]
[White "Kozak, Alexander"]
[Black "Lugovskoy, Maxim"]
[Result "1/2-1/2"]
[LiveChessVersion "1.4.8"]
[BlackElo "2509"]
[WhiteElo "2371"]

1. e4 {[%clk 0:15:19]} e6 {[%clk 0:15:19]} 2. Nf3 {[%clk 0:15:27]} d5
{[%clk 0:15:28]} 3. Nc3 {[%clk 0:15:36]} Nf6 {[%clk 0:15:36]} 4. e5
{[%clk 0:15:45]} Nfd7 {[%clk 0:15:45]} 5. d4 {[%clk 0:15:54]} Be7
{[%clk 0:15:51]} 6. h4 {[%clk 0:15:57]} c5 {[%clk 0:16:00]} 7. dxc5
{[%clk 0:16:06]} Nc6 {[%clk 0:16:08]} 8. Bf4 {[%clk 0:16:14]} a6 {[%clk 0:16:11]}
9. Bd3 {[%clk 0:14:58]} Nxc5 {[%clk 0:16:19]} 10. h5 {[%clk 0:14:12]} h6
{[%clk 0:16:28]} 11. Rh3 {[%clk 0:14:14]} Qb6 {[%clk 0:16:35]} 12. Rb1
{[%clk 0:13:41]} Bd7 {[%clk 0:16:35]} 13. Rg3 {[%clk 0:13:49]} Bf8
{[%clk 0:16:43]} 14. Kf1 {[%clk 0:13:45]} Nxd3 {[%clk 0:16:35]} 15. cxd3
{[%clk 0:13:52]} Rc8 {[%clk 0:15:30]} 16. Ne2 {[%clk 0:13:22]} a5
{[%clk 0:13:43]} 17. Be3 {[%clk 0:12:08]} Qa6 {[%clk 0:13:43]} 18. a3
{[%clk 0:12:14]} b5 {[%clk 0:13:03]} 19. Rc1 {[%clk 0:11:21]} a4 {[%clk 0:12:55]}
20. Bc5 {[%clk 0:09:47]} b4 {[%clk 0:12:22]} 21. Bxf8 {[%clk 0:09:42]} Kxf8
{[%clk 0:12:21]} 22. Ned4 {[%clk 0:09:33]} bxa3 {[%clk 0:10:27]} 23. bxa3
{[%clk 0:09:37]} Ne7 {[%clk 0:10:02]} 24. Rxc8+ {[%clk 0:09:34]} Qxc8
{[%clk 0:10:09]} 25. Qd2 {[%clk 0:09:17]} Kg8 {[%clk 0:10:18]} 26. Qf4
{[%clk 0:08:46]} Qc3 {[%clk 0:10:21]} 27. Qf6 {[%clk 0:08:15]} Ng6
{[%clk 0:04:52]} 28. Rxg6 {[%clk 0:07:12]} fxg6 {[%clk 0:04:58]} 29. Qd8+
{[%clk 0:07:12]} Kh7 {[%clk 0:05:05]} 30. hxg6+ {[%clk 0:06:49]} Kxg6
{[%clk 0:05:14]} 31. Qxd7 {[%clk 0:06:31]} Qa1+ {[%clk 0:04:58]} 32. Ke2
{[%clk 0:06:35]} Qb2+ {[%clk 0:05:06]} 33. Ke3 {[%clk 0:06:02]} Qc1+
{[%clk 0:05:14]} 34. Nd2 {[%clk 0:06:05]} Rf8 {[%clk 0:05:22]} 35. N4f3
{[%clk 0:04:38]} Qxa3 {[%clk 0:04:38]} 36. Qxe6+ {[%clk 0:04:34]} Kh7
{[%clk 0:04:47]} 37. Qxd5 {[%clk 0:04:29]} Re8 {[%clk 0:01:56]} 38. g4
{[%clk 0:04:11]} Qa1 {[%clk 0:01:22]} 39. g5 {[%clk 0:04:00]} a3 {[%clk 0:01:31]}
40. gxh6 {[%clk 0:03:14]} a2 {[%clk 0:01:40]} 41. Qf7 {[%clk 0:01:51]} Rxe5+
{[%clk 0:01:38]} 42. Kf4 {[%clk 0:01:59]} Ra5 {[%clk 0:01:36]} 43. d4
{[%clk 0:01:44]} Kxh6 {[%clk 0:01:22]} 44. Qg8 {[%clk 0:01:30]} Qb1
{[%clk 0:01:19]} 45. Ne4 {[%clk 0:00:27]} Qxe4+ {[%clk 0:00:13]} 46. Kxe4
{[%clk 0:00:35]} a1=Q {[%clk 0:00:22]} 47. Qh8+ {[%clk 0:00:37]} Kg6
{[%clk 0:00:31]} 48. Ne5+ {[%clk 0:00:30]} Rxe5+ {[%clk 0:00:34]} 49. Kxe5
{[%clk 0:00:32]} Qe1+ {[%clk 0:00:35]} 50. Kd5 {[%clk 0:00:31]} Qa5+
{[%clk 0:00:32]} 51. Ke6 {[%clk 0:00:26]} Qb6+ {[%clk 0:00:20]} 52. Ke5
{[%clk 0:00:31]} Qf6+ {[%clk 0:00:23]} 53. Kd5 {[%clk 0:00:29]} Qf5+
{[%clk 0:00:32]} 54. Kd6 {[%clk 0:00:32]} Qf4+ {[%clk 0:00:27]} 55. Kc5
{[%clk 0:00:36]} Qc7+ {[%clk 0:00:34]} 56. Kb5 {[%clk 0:00:43]} Qb7+
{[%clk 0:00:43]} 57. Kc4 {[%clk 0:00:52]} Qc6+ {[%clk 0:00:52]} 58. Kb4
{[%clk 0:01:01]} Qb6+ {[%clk 0:01:01]} 59. Kc4 {[%clk 0:01:10]} Qc6+
{[%clk 0:01:10]} 1/2-1/2

[Event "Russian Championship (men rapid)"]
[Site "Sochi"]
[Date "2017.10.01"]
[Round "9.25"]
[White "Sharafiev, Azat"]
[Black "Zakaryan, David"]
[Result "1-0"]
[LiveChessVersion "1.4.8"]
[BlackElo "2347"]
[WhiteElo "2507"]

1. Nf3 {[%clk 0:15:18]} Nf6 {[%clk 0:15:19]} 2. g3 {[%clk 0:15:24]} d5
{[%clk 0:15:28]} 3. Bg2 {[%clk 0:15:32]} c5 {[%clk 0:15:37]} 4. O-O
{[%clk 0:15:34]} h6 {[%clk 0:15:46]} 5. c4 {[%clk 0:15:31]} d4 {[%clk 0:15:51]}
6. b4 {[%clk 0:15:21]} cxb4 {[%clk 0:15:59]} 7. a3 {[%clk 0:15:27]} b3
{[%clk 0:15:28]} 8. Qxb3 {[%clk 0:14:50]} Nc6 {[%clk 0:15:37]} 9. e3
{[%clk 0:14:39]} e5 {[%clk 0:15:20]} 10. exd4 {[%clk 0:13:37]} e4
{[%clk 0:13:56]} 11. Ne5 {[%clk 0:11:47]} Nxd4 {[%clk 0:14:00]} 12. Qa4+
{[%clk 0:11:55]} Bd7 {[%clk 0:14:04]} 13. Nxd7 {[%clk 0:12:03]} Qxd7
{[%clk 0:14:12]} 14. Qxd7+ {[%clk 0:11:41]} Kxd7 {[%clk 0:14:20]} 15. Nc3
{[%clk 0:11:22]} Rc8 {[%clk 0:13:28]} 16. Bh3+ {[%clk 0:10:59]} Ne6
{[%clk 0:13:36]} 17. Rb1 {[%clk 0:08:44]} b6 {[%clk 0:13:45]} 18. d3
{[%clk 0:08:13]} exd3 {[%clk 0:13:37]} 19. Rd1 {[%clk 0:08:21]} Rxc4
{[%clk 0:13:35]} 20. Rxd3+ {[%clk 0:08:30]} Ke8 {[%clk 0:13:31]} 21. Nb5
{[%clk 0:08:10]} Bc5 {[%clk 0:13:01]} 22. Nxa7 {[%clk 0:07:57]} Ne4
{[%clk 0:09:16]} 23. Be3 {[%clk 0:07:59]} Ke7 {[%clk 0:09:23]} 24. Bxc5+
{[%clk 0:07:01]} Rxc5 {[%clk 0:05:43]} 25. Rxb6 {[%clk 0:07:02]} f5
{[%clk 0:05:34]} 26. Nc6+ {[%clk 0:05:39]} Kf7 {[%clk 0:05:43]} 27. Rd7+
{[%clk 0:04:13]} Kg6 {[%clk 0:04:40]} 28. Nd4 {[%clk 0:03:27]} N4g5
{[%clk 0:02:53]} 29. Nxe6 {[%clk 0:03:27]} Nxh3+ {[%clk 0:02:43]} 30. Kg2
{[%clk 0:03:36]} Rc1 {[%clk 0:02:27]} 31. Nxg7+ {[%clk 0:03:23]} Kg5
{[%clk 0:02:26]} 32. Kxh3 {[%clk 0:03:20]} 1-0

[Event "Russian Championship (men rapid)"]
[Site "Sochi"]
[Date "2017.10.01"]
[Round "10.10"]
[White "Artemiev, Vladislav"]
[Black "Levin, Evgeny A."]
[Result "1/2-1/2"]
[LiveChessVersion "1.4.8"]
[BlackElo "2544"]
[WhiteElo "2708"]

1. d4 {[%clk 0:15:11]} Nf6 {[%clk 0:15:17]} 2. Nc3 {[%clk 0:15:16]} d5
{[%clk 0:14:43]} 3. Bf4 {[%clk 0:15:24]} a6 {[%clk 0:14:35]} 4. e3
{[%clk 0:15:28]} b5 {[%clk 0:14:06]} 5. Bd3 {[%clk 0:15:11]} e6 {[%clk 0:13:51]}
6. Nf3 {[%clk 0:14:51]} Bb7 {[%clk 0:13:16]} 7. a4 {[%clk 0:14:59]} b4
{[%clk 0:13:19]} 8. Ne2 {[%clk 0:15:07]} Nbd7 {[%clk 0:13:21]} 9. O-O
{[%clk 0:14:05]} c5 {[%clk 0:13:00]} 10. dxc5 {[%clk 0:11:34]} Nxc5
{[%clk 0:12:29]} 11. c3 {[%clk 0:09:41]} bxc3 {[%clk 0:11:20]} 12. Nxc3
{[%clk 0:09:48]} Be7 {[%clk 0:09:03]} 13. Be2 {[%clk 0:09:03]} O-O
{[%clk 0:09:05]} 14. a5 {[%clk 0:08:40]} Rc8 {[%clk 0:08:51]} 15. Nd4
{[%clk 0:07:41]} Nfe4 {[%clk 0:08:07]} 16. Na4 {[%clk 0:02:25]} Qxa5
{[%clk 0:05:36]} 17. Nxc5 {[%clk 0:02:09]} Qxc5 {[%clk 0:05:44]} 18. Bxa6
{[%clk 0:02:15]} Qb6 {[%clk 0:04:31]} 19. Bxb7 {[%clk 0:01:05]} Qxb7
{[%clk 0:04:40]} 20. Be5 {[%clk 0:01:00]} Bd6 {[%clk 0:02:57]} 21. Bxd6
{[%clk 0:01:04]} Nxd6 {[%clk 0:03:06]} 22. Qe2 {[%clk 0:01:01]} Rb8
{[%clk 0:02:29]} 23. b3 {[%clk 0:00:20]} Rfc8 {[%clk 0:02:20]} 24. Rfc1
{[%clk 0:00:21]} e5 {[%clk 0:01:41]} 25. Nf3 {[%clk 0:00:28]} f6 {[%clk 0:01:40]}
26. Nd2 {[%clk 0:00:30]} Qb4 {[%clk 0:01:15]} 27. Qd3 {[%clk 0:00:32]} Qb5
{[%clk 0:00:29]} 28. Qxb5 {[%clk 0:00:39]} Nxb5 {[%clk 0:00:38]} 29. Kf1
{[%clk 0:00:48]} Kf7 {[%clk 0:00:35]} 30. Rxc8 {[%clk 0:00:14]} Rxc8
{[%clk 0:00:44]} 31. Ke2 {[%clk 0:00:12]} Ke6 {[%clk 0:00:33]} 32. Ra6+
{[%clk 0:00:20]} Kf5 {[%clk 0:00:37]} 33. Ra5 {[%clk 0:00:26]} Rb8
{[%clk 0:00:20]} 34. Kd3 {[%clk 0:00:32]} Ke6 {[%clk 0:00:24]} 35. Ra6+
{[%clk 0:00:22]} Kd7 {[%clk 0:00:30]} 36. b4 {[%clk 0:00:13]} Rc8
{[%clk 0:00:23]} 37. Rb6 {[%clk 0:00:12]} Rc3+ {[%clk 0:00:28]} 38. Ke2
{[%clk 0:00:21]} Nd6 {[%clk 0:00:24]} 39. Ra6 {[%clk 0:00:27]} Rc2
{[%clk 0:00:18]} 40. Ra7+ {[%clk 0:00:33]} Rc7 {[%clk 0:00:14]} 41. Rxc7+
{[%clk 0:00:16]} Kxc7 {[%clk 0:00:23]} 42. Kd3 {[%clk 0:00:25]} Kc6
{[%clk 0:00:30]} 43. Nb1 {[%clk 0:00:13]} Kb5 {[%clk 0:00:34]} 44. Nc3+
{[%clk 0:00:21]} Kxb4 {[%clk 0:00:42]} 45. Nxd5+ {[%clk 0:00:30]} Kc5
{[%clk 0:00:51]} 46. Nc7 {[%clk 0:00:20]} Kc6 {[%clk 0:00:46]} 47. Ne6
{[%clk 0:00:29]} Ne8 {[%clk 0:00:35]} 48. Nf8 {[%clk 0:00:15]} h6
{[%clk 0:00:42]} 49. Ke4 {[%clk 0:00:22]} Kd6 {[%clk 0:00:37]} 50. g4
{[%clk 0:00:13]} Ke7 {[%clk 0:00:43]} 51. Ng6+ {[%clk 0:00:21]} Ke6
{[%clk 0:00:42]} 52. h4 {[%clk 0:00:20]} Nd6+ {[%clk 0:00:50]} 53. Kf3
{[%clk 0:00:29]} Nc4 {[%clk 0:00:48]} 54. h5 {[%clk 0:00:20]} Nd2+
{[%clk 0:00:54]} 55. Ke2 {[%clk 0:00:27]} Ne4 {[%clk 0:01:02]} 56. Nh4
{[%clk 0:00:30]} Nd6 {[%clk 0:01:08]} 57. f4 {[%clk 0:00:17]} exf4
{[%clk 0:01:15]} 58. exf4 {[%clk 0:00:26]} f5 {[%clk 0:01:06]} 59. Nxf5
{[%clk 0:00:17]} Ke5 1/2-1/2

[Event "Russian Championship (men rapid)"]
[Site "Sochi"]
[Date "2017.10.01"]
[Round "10.27"]
[White "Nuristani, Iman"]
[Black "Gochelashvili, David"]
[Result "0-1"]
[LiveChessVersion "1.4.8"]
[BlackElo "2446"]
[WhiteElo "2061"]

1. d4 {[%clk 0:15:19]} g6 {[%clk 0:15:08]} 2. Nc3 {[%clk 0:15:23]} Bg7
{[%clk 0:14:45]} 3. e4 {[%clk 0:15:30]} d5 {[%clk 0:14:53]} 4. exd5
{[%clk 0:15:19]} Nf6 {[%clk 0:15:01]} 5. Bc4 {[%clk 0:15:26]} Nbd7
{[%clk 0:14:56]} 6. Nge2 {[%clk 0:15:00]} Nb6 {[%clk 0:15:01]} 7. Bb3
{[%clk 0:14:33]} a5 {[%clk 0:15:09]} 8. a3 {[%clk 0:14:24]} a4 {[%clk 0:15:13]}
9. Ba2 {[%clk 0:14:32]} Nfxd5 {[%clk 0:15:14]} 10. Nxd5 {[%clk 0:14:11]} Nxd5
{[%clk 0:15:23]} 11. c3 {[%clk 0:14:20]} O-O {[%clk 0:15:17]} 12. Nf4
{[%clk 0:14:24]} Nxf4 {[%clk 0:10:32]} 13. Bxf4 {[%clk 0:14:31]} b6
{[%clk 0:10:33]} 14. O-O {[%clk 0:14:23]} Bb7 {[%clk 0:10:16]} 15. Re1
{[%clk 0:14:27]} Ra5 {[%clk 0:09:49]} 16. Qe2 {[%clk 0:13:12]} e6
{[%clk 0:09:48]} 17. Rad1 {[%clk 0:12:59]} Qd7 {[%clk 0:08:30]} 18. Qd3
{[%clk 0:10:32]} Qc6 {[%clk 0:04:57]} 19. f3 {[%clk 0:10:36]} Rd8
{[%clk 0:04:52]} 20. Qe3 {[%clk 0:10:02]} Ba6 {[%clk 0:04:28]} 21. Bb1
{[%clk 0:09:52]} Bc4 {[%clk 0:04:31]} 22. Be4 {[%clk 0:09:57]} Qd7
{[%clk 0:04:14]} 23. Rd2 {[%clk 0:09:31]} Bd5 {[%clk 0:03:37]} 24. Bxd5
{[%clk 0:09:20]} Rxd5 {[%clk 0:03:42]} 25. Red1 {[%clk 0:09:12]} Qc6
{[%clk 0:03:42]} 26. Qe2 {[%clk 0:09:08]} Bf6 {[%clk 0:03:34]} 27. Be3
{[%clk 0:09:02]} Qd6 {[%clk 0:03:22]} 28. g3 {[%clk 0:07:34]} h5 {[%clk 0:03:27]}
29. Bf4 {[%clk 0:07:33]} Qd7 {[%clk 0:03:33]} 30. Qe4 {[%clk 0:07:24]} Bg7
{[%clk 0:02:45]} 31. Be3 {[%clk 0:07:22]} Qb5 {[%clk 0:02:50]} 32. Qc2
{[%clk 0:07:17]} Qc4 {[%clk 0:02:56]} 33. Qe4 {[%clk 0:07:12]} Kf8
{[%clk 0:02:35]} 34. h4 {[%clk 0:06:55]} Ke8 {[%clk 0:02:09]} 35. Bg5
{[%clk 0:06:58]} R8d7 {[%clk 0:02:15]} 36. Qe3 {[%clk 0:05:59]} Kf8
{[%clk 0:01:04]} 37. Bh6 {[%clk 0:05:47]} Bxh6 {[%clk 0:01:07]} 38. Qxh6+
{[%clk 0:05:56]} Kg8 {[%clk 0:01:17]} 39. Qe3 {[%clk 0:05:59]} Qc6
{[%clk 0:01:17]} 40. Kg2 {[%clk 0:05:32]} Qd6 {[%clk 0:00:55]} 41. Kh3
{[%clk 0:04:33]} Rd8 {[%clk 0:01:03]} 42. c4 {[%clk 0:02:40]} Rf5
{[%clk 0:01:11]} 43. f4 {[%clk 0:01:58]} c6 {[%clk 0:01:16]} 44. Qf3
{[%clk 0:01:37]} b5 {[%clk 0:01:20]} 45. cxb5 {[%clk 0:01:01]} Rxb5
{[%clk 0:01:08]} 46. Rc2 {[%clk 0:01:07]} c5 {[%clk 0:00:20]} 47. Rc4
{[%clk 0:00:48]} Rb3 {[%clk 0:00:15]} 48. Qe2 {[%clk 0:00:48]} Qa6
{[%clk 0:00:17]} 49. Qc2 {[%clk 0:00:16]} cxd4 {[%clk 0:00:14]} 50. Rcxd4
{[%clk 0:00:12]} Rxd4 {[%clk 0:00:18]} 51. Rxd4 {[%clk 0:00:21]} Qb5
{[%clk 0:00:13]} 52. Qd2 {[%clk 0:00:19]} Rxb2 {[%clk 0:00:15]} 53. Rd8+
{[%clk 0:00:27]} Kh7 {[%clk 0:00:24]} 54. Qd3 {[%clk 0:00:16]} Qc6
{[%clk 0:00:24]} 55. Rh8+ {[%clk 0:00:16]} Kxh8 {[%clk 0:00:33]} 56. Qd4+
{[%clk 0:00:25]} Kg8 {[%clk 0:00:33]} 57. Qxb2 {[%clk 0:00:33]} Qh1+
{[%clk 0:00:40]} 58. Qh2 {[%clk 0:00:42]} Qxh2+ {[%clk 0:00:47]} 59. Kxh2
{[%clk 0:00:51]} Kf8 {[%clk 0:00:55]} 60. Kg2 {[%clk 0:01:00]} Ke7
{[%clk 0:01:00]} 61. Kf3 {[%clk 0:01:09]} Kd6 {[%clk 0:01:09]} 62. Ke4
{[%clk 0:01:10]} f6 {[%clk 0:01:13]} 63. Kd4 {[%clk 0:01:04]} e5+
{[%clk 0:01:22]} 64. Kc4 {[%clk 0:01:00]} exf4 {[%clk 0:00:59]} 65. gxf4
{[%clk 0:01:07]} g5 {[%clk 0:01:01]} 66. Kd4 Ke5+ 0-1

[Event "Russian Championship (men rapid)"]
[Site "Sochi"]
[Date "2017.10.01"]
[Round "11.4"]
[White "Andreikin, Dmitry"]
[Black "Savchenko, Boris"]
[Result "0-1"]
[LiveChessVersion "1.4.8"]
[BlackElo "2669"]
[WhiteElo "2740"]

1. d4 {[%clk 0:15:19]} Nf6 {[%clk 0:15:19]} 2. Bg5 {[%clk 0:15:27]} e6
{[%clk 0:15:26]} 3. Nd2 {[%clk 0:15:33]} h6 {[%clk 0:15:34]} 4. Bh4
{[%clk 0:15:42]} c5 {[%clk 0:15:42]} 5. c3 {[%clk 0:15:44]} cxd4 {[%clk 0:15:35]}
6. cxd4 {[%clk 0:15:52]} Qb6 {[%clk 0:15:08]} 7. Bxf6 {[%clk 0:15:11]} gxf6
{[%clk 0:15:15]} 8. Qc2 {[%clk 0:15:13]} Nc6 {[%clk 0:15:20]} 9. e3
{[%clk 0:15:22]} d5 {[%clk 0:14:14]} 10. Ne2 {[%clk 0:15:24]} Bd7
{[%clk 0:14:22]} 11. Nc3 {[%clk 0:15:30]} Rc8 {[%clk 0:14:18]} 12. Be2
{[%clk 0:15:36]} f5 {[%clk 0:13:06]} 13. g3 {[%clk 0:15:14]} h5 {[%clk 0:10:39]}
14. h4 {[%clk 0:15:16]} Ne7 {[%clk 0:10:35]} 15. O-O {[%clk 0:12:43]} Ng8
{[%clk 0:10:11]} 16. Rfc1 {[%clk 0:12:47]} Nf6 {[%clk 0:10:18]} 17. Qd1
{[%clk 0:12:36]} Qxb2 {[%clk 0:08:57]} 18. Rab1 {[%clk 0:11:01]} Qa3
{[%clk 0:09:04]} 19. Nb5 {[%clk 0:10:56]} Rxc1 {[%clk 0:09:01]} 20. Rxc1
{[%clk 0:11:04]} Qa5 {[%clk 0:07:35]} 21. Nb3 {[%clk 0:11:07]} Qb6
{[%clk 0:06:54]} 22. a4 {[%clk 0:09:24]} Bb4 {[%clk 0:06:23]} 23. a5
{[%clk 0:07:20]} Bxa5 {[%clk 0:06:30]} 24. Nxa5 {[%clk 0:07:29]} O-O
{[%clk 0:06:26]} 25. Nd6 {[%clk 0:05:42]} Qxa5 {[%clk 0:05:41]} 26. Nxb7
{[%clk 0:05:50]} Qa4 {[%clk 0:03:33]} 27. Bxh5 {[%clk 0:05:56]} Rb8
{[%clk 0:03:04]} 28. Nc5 {[%clk 0:05:49]} Qxd1+ {[%clk 0:03:11]} 29. Bxd1
{[%clk 0:05:57]} Rb2 {[%clk 0:03:06]} 30. Ra1 {[%clk 0:05:15]} Bb5
{[%clk 0:02:36]} 31. Bf3 {[%clk 0:05:22]} Ng4 {[%clk 0:02:14]} 32. e4
{[%clk 0:04:13]} dxe4 {[%clk 0:01:52]} 33. Nxe4 {[%clk 0:03:54]} fxe4
{[%clk 0:00:52]} 34. Bxg4 {[%clk 0:04:03]} a6 {[%clk 0:00:55]} 35. Bh3
{[%clk 0:02:17]} Rd2 {[%clk 0:00:21]} 36. Bf1 {[%clk 0:02:26]} Rxd4
{[%clk 0:00:27]} 37. Bxb5 {[%clk 0:02:35]} axb5 {[%clk 0:00:36]} 38. Ra7
{[%clk 0:02:44]} Rd1+ {[%clk 0:00:33]} 39. Kg2 {[%clk 0:02:52]} Rd2
{[%clk 0:00:41]} 40. Kg1 {[%clk 0:02:48]} b4 {[%clk 0:00:12]} 41. Rb7
{[%clk 0:02:56]} Rb2 {[%clk 0:00:20]} 42. g4 {[%clk 0:02:58]} f5 {[%clk 0:00:18]}
43. g5 {[%clk 0:02:46]} f4 {[%clk 0:00:22]} 44. h5 {[%clk 0:02:28]} e3
{[%clk 0:00:12]} 45. fxe3 {[%clk 0:02:09]} fxe3 {[%clk 0:00:18]} 46. Rb8+
{[%clk 0:00:53]} Kg7 {[%clk 0:00:25]} 47. Rb7+ {[%clk 0:01:02]} Kg8
{[%clk 0:00:33]} 48. Rb8+ {[%clk 0:00:40]} Kg7 {[%clk 0:00:42]} 49. h6+
{[%clk 0:00:28]} Kg6 {[%clk 0:00:32]} 50. Rg8+ {[%clk 0:00:37]} Kh7
{[%clk 0:00:26]} 51. Rg7+ {[%clk 0:00:36]} Kh8 {[%clk 0:00:35]} 52. g6
{[%clk 0:00:37]} Rb1+ {[%clk 0:00:43]} 53. Kg2 {[%clk 0:00:45]} e2
{[%clk 0:00:51]} 54. Rh7+ {[%clk 0:00:26]} Kg8 {[%clk 0:01:00]} 55. Rg7+
{[%clk 0:00:35]} Kh8 {[%clk 0:01:08]} 56. Rh7+ {[%clk 0:00:30]} Kg8
{[%clk 0:01:16]} 57. Rg7+ {[%clk 0:00:27]} Kf8 {[%clk 0:01:06]} 58. Rf7+
{[%clk 0:00:33]} Ke8 {[%clk 0:01:15]} 59. h7 {[%clk 0:00:35]} Rh1
{[%clk 0:01:23]} 60. g7 {[%clk 0:00:25]} Rg1+ {[%clk 0:01:29]} 61. Kf3
{[%clk 0:00:18]} Kxf7 {[%clk 0:01:28]} 62. h8=Q {[%clk 0:00:26]} e1=N+
{[%clk 0:01:22]} 63. Qf8+ {[%clk 0:00:33]} 0-1

[Event "Russian Championship (men rapid)"]
[Site "Sochi"]
[Date "2017.10.01"]
[Round "11.10"]
[White "Bocharov, Dmitry"]
[Black "Levin, Evgeny A."]
[Result "1/2-1/2"]
[LiveChessVersion "1.4.8"]
[BlackElo "2544"]
[WhiteElo "2611"]

1. Nf3 {[%clk 0:15:17]} Nf6 {[%clk 0:15:18]} 2. g3 {[%clk 0:15:23]} g6
{[%clk 0:15:19]} 3. b3 {[%clk 0:15:28]} Bg7 {[%clk 0:15:25]} 4. Bb2
{[%clk 0:15:36]} b6 {[%clk 0:15:30]} 5. d4 {[%clk 0:15:14]} Bb7 {[%clk 0:15:35]}
6. c4 {[%clk 0:15:17]} e6 {[%clk 0:15:42]} 7. Bg2 {[%clk 0:15:12]} O-O
{[%clk 0:15:49]} 8. O-O {[%clk 0:15:08]} d6 {[%clk 0:15:40]} 9. Nc3
{[%clk 0:14:32]} Ne4 {[%clk 0:15:47]} 10. Qd3 {[%clk 0:14:34]} Nxc3
{[%clk 0:15:47]} 11. Bxc3 {[%clk 0:14:41]} c5 {[%clk 0:15:26]} 12. Rfd1
{[%clk 0:14:21]} Nd7 {[%clk 0:15:10]} 13. Rac1 {[%clk 0:14:16]} Nf6
{[%clk 0:14:02]} 14. d5 {[%clk 0:12:54]} exd5 {[%clk 0:13:14]} 15. cxd5
{[%clk 0:12:56]} Re8 {[%clk 0:13:04]} 16. Nd2 {[%clk 0:12:58]} a5
{[%clk 0:12:13]} 17. e4 {[%clk 0:10:45]} Ba6 {[%clk 0:12:22]} 18. Qc2
{[%clk 0:10:54]} b5 {[%clk 0:12:24]} 19. Ba1 {[%clk 0:10:38]} Nd7
{[%clk 0:09:36]} 20. Bxg7 {[%clk 0:10:26]} Kxg7 {[%clk 0:09:44]} 21. Bf1
{[%clk 0:10:21]} b4 {[%clk 0:08:01]} 22. Bxa6 {[%clk 0:10:15]} Rxa6
{[%clk 0:08:09]} 23. Kg2 {[%clk 0:10:22]} a4 {[%clk 0:07:42]} 24. Nc4
{[%clk 0:10:10]} Ne5 {[%clk 0:07:29]} 25. Ne3 {[%clk 0:10:03]} Nd7
{[%clk 0:06:49]} 26. Re1 {[%clk 0:09:49]} Kg8 {[%clk 0:05:34]} 27. Re2
{[%clk 0:09:55]} Qe7 {[%clk 0:05:16]} 28. f3 {[%clk 0:09:55]} Rea8
{[%clk 0:04:56]} 29. Rce1 {[%clk 0:09:47]} axb3 {[%clk 0:04:51]} 30. axb3
{[%clk 0:09:55]} Qf6 {[%clk 0:04:39]} 31. f4 {[%clk 0:08:58]} Ra2
{[%clk 0:04:13]} 32. Qc4 {[%clk 0:06:58]} Qc3 {[%clk 0:03:14]} 33. Kf3
{[%clk 0:06:14]} R2a3 {[%clk 0:01:30]} 34. Qxc3 {[%clk 0:04:19]} bxc3
{[%clk 0:01:38]} 35. Rc1 {[%clk 0:04:24]} Rxb3 {[%clk 0:01:43]} 36. Rec2
{[%clk 0:04:33]} Kf8 {[%clk 0:00:47]} 37. Rxc3 {[%clk 0:04:38]} Rxc3
{[%clk 0:00:55]} 38. Rxc3 {[%clk 0:04:47]} Ke7 {[%clk 0:01:01]} 39. h4
{[%clk 0:04:39]} h5 {[%clk 0:01:04]} 40. Rb3 {[%clk 0:04:41]} Ra4
{[%clk 0:00:15]} 41. Rb7 {[%clk 0:04:28]} Ke8 {[%clk 0:00:20]} 42. Rc7
{[%clk 0:04:29]} Rd4 {[%clk 0:00:26]} 43. Rc6 {[%clk 0:03:51]} Ke7
{[%clk 0:00:35]} 44. e5 {[%clk 0:03:55]} dxe5 {[%clk 0:00:35]} 45. f5
{[%clk 0:04:04]} Nf6 {[%clk 0:00:31]} 46. fxg6 {[%clk 0:04:08]} fxg6
{[%clk 0:00:40]} 47. Rxc5 {[%clk 0:04:16]} Ng4 {[%clk 0:00:22]} 48. Nxg4
{[%clk 0:03:25]} hxg4+ {[%clk 0:00:30]} 49. Ke3 {[%clk 0:03:34]} Kf6
{[%clk 0:00:35]} 50. Rc6+ {[%clk 0:02:56]} Kf5 {[%clk 0:00:44]} 51. d6
{[%clk 0:03:04]} Rd5 {[%clk 0:00:43]} 52. Ra6 {[%clk 0:03:06]} Rd4
{[%clk 0:00:40]} 53. Rb6 {[%clk 0:02:58]} Rd5 {[%clk 0:00:47]} 54. Ra6
{[%clk 0:02:39]} Rd4 {[%clk 0:00:55]} 55. Ke4+ 1/2-1/2